Statistiques concernant Box office 2003 par images restreintes

Cliquez ici pour prendre le quiz!

Statistiques générales

  • Ce quiz a été pris 122 fois
  • Le résultat moyen est 9 sur 12

Statistiques - réponses

Réponse% Correct
Le Monde de Nemo
100%
Pirates des Caraïbes : La Malédiction du Black Pearl
99%
Le Seigneur des anneaux : Le Retour du roi
96%
Taxi 3
95%
Le Livre de la jungle 2
85%
Matrix Revolutions
85%
Terminator 3 : Le Soulèvement des machines
77%
X-Men 2
77%
Arrête-moi si tu peux
69%
Bruce tout-puissant
45%
Chouchou
41%
Tais-toi !
19%

Distribution des résultats

Percentile par nombre de réponses

% des personnes avec chaque résultat

Votre développement - résultats

Vous n’avez pas pris ce quiz